15 Most Famous Cities in Ghana on a Map - Statistics

General Stats
  • This quiz has been taken 91 times
  • The average score is 6 of 15
Answers on the Map
Answers color-coded by a green-red scale on the quiz's map according to % correct below.
 
Answer Stats
Wiki Monthly Views Cityquiz Mention Rate Population Answers % Correct
55.54K 37.82% 2070.46K Accra
100%
16.65K 13.33% 2035.06K Kumasi
88%
5.63K 3.55% 371.35K Tamale
55%
5.39K 1.68% 169.89K Cape Coast
52%
5.07K 1.13% 311.21K Sekondi-Takoradi
48%
1.76K 2.38% 71.05K Wa
41%
4.22K 2.23% 104.53K Ho
39%
6.61K 0.96% 139.78K Tema
30%
1.49K 0.22% 65.55K Bolgatanga
28%
2.06K 0.35% 120.97K Koforidua
28%
1.21K 0.47% 143.64K Obuasi
28%
2.53K 0.44% 74.24K Sunyani
26%
1.12K 0.42% 67.24K Techiman
20%
5.00K 0.11% 21.10K Elmina
19%
2.10K 0.01% 50.56K Buduburam
9%
No matching quizzes found
Score Distribution
Percent of People with Each Score
Percentile by Number Answered
Your Score History
You have not taken this quiz